Η μεταβολή των απόψεων των Μ.Μ.Ε. για την κλιματική αλλαγή, την περίοδο 2001-2006 : μελέτη περίπτωσης Πρωτόκολλο Κιότο, 2002 και Δεύτερο Εθνικό Σχέδιο Κατανομής Ρύπων, 2006 : διατριβή
Αποθηκεύτηκε σε:
| Κύριος συγγραφέας: | |
|---|---|
| Συγγραφή απο Οργανισμό/Αρχή: | |
| Άλλοι συγγραφείς: | |
| Μορφή: | Thesis Βιβλίο |
| Γλώσσα: | Greek |
| Δημοσίευση: |
2009
|
| Θέματα: | |
| Διαθέσιμο Online: | http://hdl.handle.net/11610/15032 |
| Ετικέτες: |
Προσθήκη ετικέτας
Δεν υπάρχουν, Καταχωρήστε ετικέτα πρώτοι!
|
MARC
| LEADER | 00000cam a2200000 i 4500 | ||
|---|---|---|---|
| 001 | 1/8270 | ||
| 008 | 100610s2009 gre d | ||
| 035 | |l 10108189 | ||
| 040 | |a GR-MY-UA |b gre |e aacr | ||
| 041 | 0 | |a gre | |
| 082 | 0 | |a 363.7387 |2 (22) | |
| 100 | 1 | |a Σιδηροπούλου, Σοφία. | |
| 245 | 1 | 2 | |a Η μεταβολή των απόψεων των Μ.Μ.Ε. για την κλιματική αλλαγή, την περίοδο 2001-2006 : |b μελέτη περίπτωσης Πρωτόκολλο Κιότο, 2002 και Δεύτερο Εθνικό Σχέδιο Κατανομής Ρύπων, 2006 : διατριβή / |c Σιδηροπούλου Σοφία ; επιβλέπων καθηγητής: Μποτετζάγιας Ιωσήφ |
| 260 | |c 2009 | ||
| 300 | |a 57 σ.; |c 30 εκ. | ||
| 500 | |a Βιβλιογραφία: σ. 53-57 | ||
| 502 | |a Διατριβή (μεταπτυχιακή) – Πανεπιστήμιο Αιγαίου, Λέσβος, 2009. | ||
| 610 | 2 | 0 | |a United Nations Framework Convention on Climate Change (1992) |x Protocols, etc. |y 1997, Dec. 11. |
| 650 | 0 | 0 | |a Newspapers |x Sections, columns, etc. |x Climatic changes. |
| 650 | 0 | 0 | |a Mass media and the environment |z Greece. |
| 650 | 0 | 0 | |a Air |x Pollution |x Social aspects |z Greece. |
| 650 | 0 | 0 | |a Air |x Pollution |x Law and legislation. |
| 650 | 0 | 0 | |a Dissertations, Academic |z Greece. |
| 700 | 1 | |4 ths |a Μποτετζάγιας, Ιωσήφ Α. . | |
| 710 | 2 | |a Πανεπιστήμιο Αιγαίου |b Σχολή Περιβάλλοντος |b Τμήμα Περιβάλλοντος |b Πρόγραμμα Μεταπτυχιακών Σπουδών Περιβαλλοντική Πολιτική και Διαχείριση. | |
| 852 | |a INST |b LESVOS |c DIATR |e 20100610 |h 617 |p 005100047714 |q 005100047714 |t MTXE |y 23 | ||
| 852 | |a INST |b LESVOS |c DIATR |e 20100610 |h 618 |p 005100047715 |q 005100047715 |t MTXE |y 23 | ||
| 856 | |u http://hdl.handle.net/11610/15032 | ||
| 901 | |a BIBL1-2010-2 | ||
| 909 | |a Λ |b 164688 | ||
| 909 | |a Λ |b 164689 | ||
| 924 | |a ΣΙΔΗΡΟΠΟΥΛΟΥ |b ΣΟΦΙΑ |y ΛΕΣΒΟΣ |z 2009-10 | ||
| 970 | |a ΤΖΑΦΕΡΗ |b ΕΥΑΓΓΕΛΙΑ |z 2010/06/10 | ||